00573nam a22002057a 450000500170000001000130001702000220003003500130005203700160006504000120008108200130009310000220010624500440012826000400017227000450021230000200025750000500027765000210032765000190034820170124110002.0 aA-382024 c00.00a8170231558 aA-382024 bCen Lib/Ret aDPLbEN a364bRAO aRao, S. Venugopal aVictims of crime /cby S. Venugopal Rao aNew DelhibAllied Publishers c1989 bNew Delhia13/14, asaf ali road,e110002 a244p.c20cm(Hb) aIncludes bibliographical references and index aCriminal justice aLegal aspects